Riconosci lo Stato - Quiz n°95 - Statistics

Statistiche generali
  • Questo quiz è stato fatto 28 volte
  • Il punteggio medio è 11 su 13
Statistiche sulle risposte
Indizio Risposta % Corretto
Popolazione 21 919 000 ab.
95%
Iniziale della Capitale S
95%
Indipendenza 4 febbraio 1948 dal Regno Unito
91%
Superficie 65 610 km²
91%
Primo ministro Dinesh Gunawardena
91%
Presidente della Repubblica Ranil Wickremesinghe
91%
Fuso Orario UTC+5:30
91%
Forma di Governo Repubblica semipresidenziale
86%
Valuta Rupia
86%
Tasso di crescita 0,53%
77%
ISU 0,782
77%
PIL (nominale) 80 676 milioni di $
77%
Risposta Sri Lanka
77%
Nessun quiz corrispondente trovato
Distribuzione punteggi
Percentuale di utenti per punteggio
Percentile per numero di risposta
I tuoi punteggi nel tempo
Non hai fatto questo quiz